Missing Word: Movie Words Ending in 'Y' Quiz Stats

 Plays Quiz Updated Jul 20, 2016

Challenge
Share
Tweet
Embed
Score 0/30 Timer 04:00
0 Plays Today
Hint Missing Word % Correct
Cast ____Away
96.8%
Boys Don't ____Cry
96.7%
____ Rotten ScoundrelsDirty
95.7%
The ____ ProfessorNutty
95.1%
No ____ For Old MenCountry
94.3%
Going My ____Way
94.3%
Bruce ____Almighty
94.1%
____ HollowSleepy
93.9%
____ MaguireJerry
93.2%
My Cousin ____Vinny
92.7%
Zero Dark ____Thirty
90.6%
From Here to ____Eternity
90%
Any Given ____Sunday
85.6%
____ LargoKey
84.6%
Love ____Actually
82.6%
Hint Missing Word % Correct
Midnight ____Cowboy
76.7%
The Gods Must Be ____Crazy
74.9%
____ GirlFunny
74.6%
____ Cristina BarcelonaVicky
69.6%
____ LightsCity
68.2%
The ____ of EverythingTheory
67.7%
The ____ VanishesLady
51%
____ LyndonBarry
50.9%
____ JaneCalamity
46.4%
Through a Glass ____Darkly
38.2%
The King of ____Comedy
36.2%
The Hundred-Foot ____Journey
33.8%
____ MineEnemy
29.4%
____ CreaturesHeavenly
26.2%
The Broadway ____Melody
20.3%

Today's Daily Dose

You're not logged in!

Compare scores with friends on all Sporcle quizzes.
Join for Free
OR
Log In

You Might Also Like...

Show Comments

Extras

Top Quizzes Today


Score Distribution

Your Account Isn't Verified!

In order to create a playlist on Sporcle, you need to verify the email address you used during registration. Go to your Sporcle Settings to finish the process.

Report this User

Report this user for behavior that violates our Community Guidelines.

Details: